Statistics for Final Fantasy 3

Click here to take the quiz!

General Stats

  • This quiz has been taken 11 times
  • The average score is 8 of 12

Answer Stats

HintAnswer% Correct
Who is another main character that supports the protagonistArc
80%
Who is the main character (male) that you play asLuneth
80%
What is the spell called to turn you smallmini
80%
What is the name of the tough engineer that builds you an airshipCid
70%
What is this elemental crystal called (fourth)The earth crystal
70%
What is this elemental crystal called (third)The fire crystal
70%
What is this elemental crystal called (second)The water crystal
70%
What is this elemental crystal called (first)The wind crystal
70%
Who is the antagonist (final boss) of the gameThe Cloud of Darkness
60%
This is the last main character that supports the protagonist on his journeyIngus
50%
Who is the main character (female) the supports the protagonistRefia
50%
What is the class called that you can do strong bell attacks and songsGeomancer
30%

Score Distribution

Percentile by Number Answered

Percent of People with Each Score

Your Score History

You have not taken this quiz